000
00258nam a2200097Ia 4500
005
20251222114410.0
008
251222s1900||||xx |||||||||||||| ||spa||
082
_a
DVD0150 /A52/2010
245
0
_a
Saint John Baptist de La Salle:El seƱor de La Salle
942
_c
DVD
999
_c
2005
_d
2005